[Event "MPJ_D16"]
[Site "?"]
[Date "2016.03.20"]
[Round "9.15"]
[White "Pedrak, Paulina"]
[Black "Samujlo, Agnieszka"]
[Result "1-0"]
[BlackElo "1637"]
[WhiteElo "1610"]
[LiveChessVersion "1.4.8"]

1. e4 {[%clk 1:30:56]} c5 {[%clk 1:30:55]} 2. Nf3 {[%clk 1:31:18]} d6
{[%clk 1:31:20]} 3. d4 {[%clk 1:31:43]} cxd4 {[%clk 1:31:45]} 4. Nxd4
{[%clk 1:32:08]} Nf6 {[%clk 1:32:10]} 5. Nc3 {[%clk 1:32:02]} e6 {[%clk 1:32:27]}
6. Be3 {[%clk 1:31:44]} a6 {[%clk 1:32:42]} 7. Be2 {[%clk 1:31:04]} Be7
{[%clk 1:32:51]} 8. O-O {[%clk 1:30:24]} Qc7 {[%clk 1:32:24]} 9. Kh1
{[%clk 1:26:08]} O-O {[%clk 1:32:22]} 10. f4 {[%clk 1:24:50]} b5 {[%clk 1:31:46]}
11. a3 {[%clk 1:21:41]} Bb7 {[%clk 1:31:11]} 12. Bf3 {[%clk 1:20:42]} Nbd7
{[%clk 1:29:40]} 13. f5 {[%clk 1:18:06]} e5 {[%clk 1:27:10]} 14. Nb3
{[%clk 1:16:34]} Nc5 {[%clk 1:20:36]} 15. Nd2 {[%clk 1:13:35]} Rfd8
{[%clk 1:18:28]} 16. Qe1 {[%clk 1:10:02]} Bf8 {[%clk 1:15:37]} 17. g4
{[%clk 1:09:28]} Ne8 {[%clk 1:12:39]} 18. g5 {[%clk 1:07:46]} Rac8
{[%clk 1:01:04]} 19. Rg1 {[%clk 1:05:36]} f6 {[%clk 0:49:45]} 20. Qh4
{[%clk 1:03:51]} fxg5 {[%clk 0:47:35]} 21. Bxg5 {[%clk 1:03:44]} Rd7
{[%clk 0:47:06]} 22. Rg3 {[%clk 1:03:19]} Be7 {[%clk 0:44:39]} 23. f6
{[%clk 1:02:54]} h6 {[%clk 0:39:47]} 24. fxe7 {[%clk 0:58:45]} hxg5
{[%clk 0:39:51]} 25. Rxg5 {[%clk 0:58:40]} Rxe7 {[%clk 0:40:00]} 26. Rh5
{[%clk 0:58:47]} Ne6 {[%clk 0:28:11]} 27. Rh8+ {[%clk 0:57:18]} Kf7
{[%clk 0:28:32]} 28. Bh5+ {[%clk 0:57:30]} g6 {[%clk 0:28:29]} 29. Rf1+
{[%clk 0:55:30]} Nf4 {[%clk 0:25:10]} 30. Bxg6+ {[%clk 0:55:52]} Kxg6
{[%clk 0:24:03]} 31. Qh6+ {[%clk 0:56:07]} Kf7 {[%clk 0:24:04]} 32. Rf8# 1-0

[Event "MPJ_D16"]
[Site "?"]
[Date "2016.03.20"]
[Round "9.16"]
[White "Luka, Agnieszka"]
[Black "Surpeta, Julia"]
[Result "1-0"]
[BlackElo "1339"]
[WhiteElo "1313"]
[LiveChessVersion "1.4.8"]

1. d4 {[%clk 1:30:58]} e5 {[%clk 1:29:32]} 2. dxe5 {[%clk 1:30:46]} Nc6
{[%clk 1:29:40]} 3. Nf3 {[%clk 1:31:06]} Qe7 {[%clk 1:29:23]} 4. g3
{[%clk 1:29:32]} Nxe5 {[%clk 1:27:40]} 5. Nxe5 {[%clk 1:29:05]} Qxe5
{[%clk 1:28:05]} 6. Bg2 {[%clk 1:29:18]} Nf6 {[%clk 1:27:00]} 7. O-O
{[%clk 1:28:50]} Bc5 {[%clk 1:27:19]} 8. Nc3 {[%clk 1:27:18]} a6 {[%clk 1:24:56]}
9. Bf4 {[%clk 1:25:39]} Qe7 {[%clk 1:25:00]} 10. a3 {[%clk 1:25:17]} d6
{[%clk 1:18:57]} 11. Qd2 {[%clk 1:17:26]} O-O {[%clk 1:16:33]} 12. Rad1
{[%clk 1:15:45]} Rb8 {[%clk 1:11:15]} 13. Nd5 {[%clk 1:12:46]} Nxd5
{[%clk 1:11:33]} 14. Bxd5 {[%clk 1:12:38]} Bh3 {[%clk 1:05:11]} 15. Rfe1
{[%clk 1:12:19]} c6 {[%clk 1:03:37]} 16. Bg2 {[%clk 1:11:01]} Bxg2
{[%clk 1:02:38]} 17. Kxg2 {[%clk 1:11:22]} Rbd8 {[%clk 1:02:55]} 18. b4
{[%clk 1:10:21]} Bb6 {[%clk 1:03:01]} 19. Bxd6 {[%clk 0:57:42]} Qe4+
{[%clk 0:58:19]} 20. f3 {[%clk 0:57:07]} Qe6 {[%clk 0:57:41]} 21. Qf4
{[%clk 0:55:28]} Bc7 {[%clk 0:57:50]} 22. Bxf8 {[%clk 0:45:22]} Rxd1
{[%clk 0:58:00]} 23. Qg5 {[%clk 0:45:29]} Kxf8 {[%clk 0:57:47]} 24. Qc5+
{[%clk 0:39:29]} Qd6 {[%clk 0:54:42]} 25. Rxd1 {[%clk 0:39:42]} Qxc5
{[%clk 0:54:54]} 26. bxc5 {[%clk 0:39:59]} 1-0

[Event "MPJ_D16"]
[Site "?"]
[Date "2016.03.20"]
[Round "9.17"]
[White "Waszkowiak, Kinga"]
[Black "Borkowska, Zuzanna"]
[Result "0-1"]
[BlackElo "1465"]
[WhiteElo "1044"]
[LiveChessVersion "1.4.8"]

1. e4 {[%clk 1:30:59]} c5 {[%clk 1:30:55]} 2. Nf3 {[%clk 1:31:24]} Nc6
{[%clk 1:31:19]} 3. d4 {[%clk 1:31:48]} cxd4 {[%clk 1:31:44]} 4. Nxd4
{[%clk 1:32:13]} g6 {[%clk 1:32:10]} 5. c4 {[%clk 1:32:15]} Bg7 {[%clk 1:32:22]}
6. Be3 {[%clk 1:31:56]} Nf6 {[%clk 1:32:10]} 7. Nc3 {[%clk 1:32:19]} O-O
{[%clk 1:31:59]} 8. Be2 {[%clk 1:32:13]} d6 {[%clk 1:31:54]} 9. f3
{[%clk 1:31:13]} Qb6 {[%clk 1:27:58]} 10. Qd2 {[%clk 1:23:52]} Nxd4
{[%clk 1:23:01]} 11. Bxd4 {[%clk 1:17:48]} Qc6 {[%clk 1:21:06]} 12. O-O
{[%clk 1:10:27]} Be6 {[%clk 1:18:39]} 13. Nd5 {[%clk 1:08:27]} Bxd5
{[%clk 1:17:36]} 14. cxd5 {[%clk 1:06:20]} Qa4 {[%clk 1:17:00]} 15. Be3
{[%clk 0:57:30]} a6 {[%clk 1:12:23]} 16. Bh6 {[%clk 0:48:56]} Bxh6
{[%clk 1:12:27]} 17. Qxh6 {[%clk 0:49:20]} Qd4+ {[%clk 1:12:47]} 18. Rf2
{[%clk 0:48:02]} Qxb2 {[%clk 1:13:03]} 19. Qc1 {[%clk 0:46:54]} Qxc1+
{[%clk 1:12:57]} 20. Rxc1 {[%clk 0:47:13]} Rac8 {[%clk 1:13:21]} 21. Rff1
{[%clk 0:47:31]} b5 {[%clk 1:13:33]} 22. Rc6 {[%clk 0:47:07]} Rxc6
{[%clk 1:12:18]} 23. dxc6 {[%clk 0:47:22]} Rc8 {[%clk 1:12:44]} 24. Rc1
{[%clk 0:47:21]} Ne8 {[%clk 1:12:48]} 25. f4 {[%clk 0:40:40]} e6 {[%clk 1:11:10]}
26. Kf2 {[%clk 0:39:42]} Kf8 {[%clk 1:10:35]} 27. g4 {[%clk 0:35:34]} Ke7
{[%clk 1:10:35]} 28. Ke3 {[%clk 0:35:34]} Kd8 29. h4 {[%clk 0:20:58]} Kc7
{[%clk 1:09:28]} 30. Kd4 {[%clk 0:17:18]} Kb6 {[%clk 1:09:36]} 31. f5
{[%clk 0:15:45]} Rxc6 {[%clk 1:09:38]} 32. Rxc6+ {[%clk 0:16:11]} Kxc6
{[%clk 1:10:03]} 33. fxe6 {[%clk 0:15:04]} fxe6 {[%clk 1:10:29]} 34. Bf3
{[%clk 0:14:24]} a5 {[%clk 1:10:22]} 35. e5+ {[%clk 0:14:37]} d5 {[%clk 1:10:44]}
36. Bd1 {[%clk 0:14:25]} a4 {[%clk 1:09:58]} 37. Bc2 {[%clk 0:14:04]} Ng7
{[%clk 1:09:02]} 38. a3 {[%clk 0:12:51]} Ne8 {[%clk 1:04:59]} 39. h5
{[%clk 0:11:46]} gxh5 {[%clk 1:04:42]} 40. gxh5 {[%clk 0:42:08]} h6
{[%clk 1:35:05]} 41. Bd1 {[%clk 0:41:18]} Ng7 {[%clk 1:35:17]} 42. Bg4
{[%clk 0:41:04]} b4 {[%clk 1:33:47]} 43. axb4 {[%clk 0:41:49]} a3
{[%clk 1:33:56]} 44. Kc3 {[%clk 0:42:02]} a2 {[%clk 1:33:50]} 45. Kb2
{[%clk 0:42:11]} Kb5 {[%clk 1:34:13]} 46. Kxa2 {[%clk 0:42:35]} Kxb4
{[%clk 1:34:39]} 47. Kb2 {[%clk 0:42:58]} Kc4 {[%clk 1:35:02]} 0-1